Statistics for coney island - Taylor Swift (All Lyrics)

Click here to take the quiz!

General Stats

  • This quiz has been taken 26 times
    (12 since last reset)
  • The average score is 289 of 392

Answer Stats

Lyrics% Correct
a
100%
A
100%
an
100%
And
100%
and
100%
baby
100%
be
100%
bench
100%
Coney
100%
did
100%
Did
100%
go?
100%
go
100%
I
100%
In
100%
in
100%
is
100%
Island
100%
my
100%
my,
100%
no
100%
on
100%
where
100%
who
100%
Who
100%
Wondering,
100%
I'm
92%
me?
92%
me
92%
sitting
92%
The
92%
the
92%
you
92%
you?
92%
for
83%
merry
83%
not
83%
so
83%
we
83%
your
83%
But
75%
centerfold
75%
close
75%
delicate?
75%
making
75%
Making
75%
shatter
75%
something
75%
Sorry
75%
Then
75%
think
75%
to?
75%
to
75%
was
75%
Were
75%
were
75%
when
75%
When
75%
With
75%
with
75%
am
67%
around
67%
before
67%
can't
67%
darkest
67%
do
67%
eyes
67%
fist
67%
got
67%
grey?
67%
If
67%
if
67%
into
67%
It
67%
it
67%
leave
67%
Lost
67%
of
67%
old
67%
over
67%
Over
67%
paint
67%
skies
67%
surprises
67%
that
67%
this
67%
time,
67%
up
67%
you're
67%
accident
58%
again
58%
at
58%
big
58%
birthday
58%
bluest
58%
cake,
58%
down
58%
every
58%
face
58%
flashed
58%
forgot
58%
get
58%
goes
58%
happy
58%
here
58%
How'd
58%
lights,
58%
long
58%
looking
58%
name
58%
podium
58%
relate
58%
related
58%
say
58%
soon?
58%
soul
58%
standing
58%
sun
58%
there?
58%
universe
58%
walked
58%
anymore
50%
away
50%
Break
50%
bright
50%
colder
50%
day?
50%
edge
50%
gets
50%
hallway
50%
hanging
50%
head
50%
left
50%
lifetime
50%
miss
50%
pounds
50%
pushed
50%
question
50%
single
50%
times,
50%
too
50%
two
50%
What's
50%
Will
50%
winning
50%
achievement
42%
arcade
42%
care?
42%
coaxed
42%
Disappointments,
42%
dreams
42%
fast
42%
forgive
42%
gold
42%
haul
42%
internet
42%
like
42%
mall
42%
one
42%
paradise
42%
place
42%
polite
42%
right
42%
ring
42%
spot
42%
tree
42%
trust
42%
waiting
42%
wise
42%
'Cause
33%
line
33%
mischief,
33%
our
33%
suburban
33%
by
25%
clock
25%
gift
25%
rogue
25%
sight
25%
wrapped
25%

Score Distribution

Percentile by Number Answered

Percent of People with Each Score

Your Score History

You have not taken this quiz since the last reset